000 00712nam a2200241 i 4500
001 C2-0139109
003 PPAK
005 20180727124616.0
008 971221s1970 miu |||| ||||| | eng d
040 _aPPAK
_beng
_cPPAK
_erda
082 0 4 _a900.095951
_223
090 0 0 _a900.095951
_bTAE
_dKK
100 0 _aTae Yul Nam,
_eauthor
245 1 0 _aMalaysia and Singapore :
_bthe failure of a political experiment
264 1 _aMichigan :
_bUMI ,
_c1970
300 _a335 pages ;
_c21 cm
336 _2rdacontent
_atext
337 _2rdamedia
_aunmediated
338 _2rdacarrier
_avolume
500 _aTesis - Ph.D Political Science ; Tidak boleh difotokopi
650 1 0 _aMalaysia - History
942 _ddc
_cB
999 _c43391
_d43391